=LDR 00000nam 2200000 4500 =001 INLIS000000000037249 =005 20251219042301 =035 ##$$a 0010-061300000037249 =008 251219###########################0#ind## =041 ##$$a Ind =082 ##$$a 595,7 =090 ##$$a 595, mon g =100 ##$$a MCNAB, chris =245 1#$$a Serangga dan laba-laba raksasa, /$c Chris McNab =260 ##$$a Jakarta :$b Elex Media Komputindo,$c 2010 =300 ##$$a 32 hlm : $b ilus ; $c 17 cm =650 #4$$a Serangga =700 #$$a Mucastiika, rikke =850 ##$$a NBPNMAT =020 ##$$a 978-979-27-7755-0 =084 ##$$a 595,7 MCN s =990 ##$$a 21100591 =990 ##$$a 21100590 =990 ##$$a 21100592